000 00441nam a22001577a 4500
999 _c14379
_d14379
008 190913b ||||| |||| 00| 0 eng d
020 _a9786214061747
082 _22018
_aDFil 515
_bL299
100 _aLao, Joel T.
_939654
245 _aBasic calculus/
_cJoel T. Lao
260 _aManila:
_bMindshapers Co., Inc.,
_cc2018.
300 _aii, 165 pages;
_b25 cm.
500 _aIncludes index.
650 _aCalculus
_939655
942 _2ddc
_cDFIL